Κάλυμνος το νησί των σφουγγαράδων : τουριστικός οδηγός

Αποθηκεύτηκε σε:
Λεπτομέρειες βιβλιογραφικής εγγραφής
Κύριος συγγραφέας: Davares, Demetres
Μορφή: Βιβλίο
Γλώσσα:Greek
Δημοσίευση: Αθήνα : Καρυδάκης, 198?.
Θέματα:
Ετικέτες: Προσθήκη ετικέτας
Δεν υπάρχουν, Καταχωρήστε ετικέτα πρώτοι!

MARC

LEADER 00000nam a2200000 a 4500
001 1/125572
008 221104n198?####gr | ||| |||| ||gre||
040 |a GR-MyUa  |b gre  |c GR-MyUa  |e AACR2 
041 0 |a gre 
082 7 |a 914.9587  |2 (23) 
100 1 |a Davares, Demetres. 
245 1 0 |a Κάλυμνος το νησί των σφουγγαράδων :   |b τουριστικός οδηγός /   |c copyright Dimitris G. Davaris.  
260 |a Αθήνα :   |b Καρυδάκης,  |c 198?. 
300 |a 93 σ. :   |b εγχρωμ. εικ., πιν., χαρτ. ;   |c 20 εκ.  
500 |3 Τουριστικός οδηγός στα Ελληνικά. 
504 |a Περιέχει βιβλιογραφικές παραπομπές.  
650 0 |a Sponges  |z Greece  |z Kalymnos (Municipality) 
651 0 |a Kalymnos (Greece : Municipality)  |v Maps. 
651 0 |a Kalymnos (Greece : Municipality) 
970 |a Σιδερή   |b Νεκταρία   |z 2022/11/04